000
00272nam a22001217a 4500
008
170601b xxu||||| |||| 00| 0 eng d
041
_a
eng
080
_a
93
100
_a
17
101
_a
SHH
245
_a
STAR YOUNG/ A LIFE IN THE ARTS
_c
PILKINGTON, J
942
_2
udc
_c
BK
999
_c
15228
_d
15228